| 000 | 00884nam a2200253 a 4500 | ||
|---|---|---|---|
| 001 | BRCA_561 | ||
| 005 | 20190320203049.0 | ||
| 008 | 870406s1985 mx-a---##b---f000-0#spa-d | ||
| 020 | _a9688377392 | ||
| 040 |
_aDLC _cDLC _dDLC |
||
| 050 | 4 |
_aNA7515.M4 _b.R65 1985 |
|
| 100 | 1 |
_aRojas, Pedro _91937 |
|
| 245 | 1 | 0 |
_aLa Casa de los Mascarones _cPedro Rojas. |
| 260 |
_aMéxico _bUNAM, Instituto de Investigaciones Estéticas _c1985 |
||
| 300 |
_a83 p. _bil. [18] p. de láminas _c23 cm. |
||
| 500 | _aImprenta universitaria 1935-1985 | ||
| 504 | _aBibliografía: p. 67-68 | ||
| 610 | 2 | 4 |
_aCasa de los Mascarones (México Ciudad, México) _91938 |
| 650 | 1 | 4 |
_aArquitectura doméstica _zMéxico _91939 |
| 650 | 1 | 4 |
_aArquitectura colonial _zMéxico _91940 |
| 650 | 1 | 4 |
_aEdificios históricos _zMéxico _91941 |
| 651 | 4 |
_aCiudad de México _xEdificios, estructuras, etc _91264 |
|
| 942 |
_2lcc _cB |
||
| 999 |
_c492 _d492 |
||